000 00510nam a22001577a 4500
003 NUST
038 _aNusrat Nadeem
082 _a200
100 _aAbbas, Huzaifah
_9130534
245 _aReinforcement Learning-Based Solutions for Acute Leukemia Therapy/
_cHuzaifah Abbas,
264 _aIslamabad:
_bSEECS NUST.
_c2025.
650 _aMS- Electrical Engineering
_923567
700 _aSupervisor: Dr. Iftikhar Ahmad
_997150
856 _uhttp://10.250.8.41:8080/xmlui/handle/123456789/54387
942 _2ddc
_cSC
999 _c614731
_d614731